00282nam a2200109Ia 4500008004100000020001800041082001600059100001800075245005000093260001300143500001600156260604s9999 xx 000 0 und d a9789819987061 a330.502A SA aSachiyo asahi 0aEconometric Analysis of Regional Economy 2024 bSpringer aEconometric